Smart polymer nanocomposites : design, synthesis, functionalization, properties, and applications /

Bibliographic Details
Corporate Author: ScienceDirect (Online service)
Other Authors: Ali, Nisar (Editor), Bilal, Muhammad (Professor of bioengineering) (Editor), Khan, Adnan (Editor), Nguyen, Tuan Anh (Chemist) (Editor), Gupta, Ram K. (Editor)
Format: eBook
Language:English
Published: Amsterdam : Elsevier, 2022.
Series:Micro & nano technologies.
Subjects:
Online Access:Connect to the full text of this electronic book

MARC

Tag First Indicator Second Indicator Subfields
LEADER 00000cam a22000007i 4500
001 in00005771122
005 20260327173731.9
006 m o d
007 cr |||||||||||
008 220803s2022 ne fo 001 0 eng d
040 |a UKAHL  |b eng  |e rda  |c UKAHL  |d UKMGB  |d OPELS  |d OCLCF  |d OCLCO  |d OCLCL  |d SXB  |d OCLCO  |d OCLCQ  |d OCLCO  |d OCLCL 
015 |a GBC2E1575  |2 bnb 
016 7 |a 020710460  |2 Uk 
020 |a 9780323916127  |q (e-book) 
020 |a 0323916120  |q (e-book) 
020 |z 9780323916110  |q (pbk.) 
020 |z 9780323916127 (ePub ebook) 
035 |a (OCoLC)1352013736 
037 |a 9780323916127  |b Ingram Content Group 
050 4 |a TA455.P58 
082 0 4 |a 620.192  |2 23 
049 |a TXAM 
245 0 0 |a Smart polymer nanocomposites :  |b design, synthesis, functionalization, properties, and applications /  |c edited by Nisar Ali, Muhammad Bilal, Adnan Khan, Tuan Anh Nguyen, Ram K. Gupta. 
264 1 |a Amsterdam :  |b Elsevier,  |c 2022. 
300 |a 1 online resource 
336 |a text  |b txt  |2 rdacontent 
337 |a computer  |b c  |2 rdamedia 
338 |a online resource  |b cr  |2 rdacarrier 
490 1 |a Micro and nano technologies 
500 |a Includes index. 
650 0 |a Polymers. 
650 0 |a Smart materials. 
650 0 |a Nanocomposites (Materials) 
650 6 |a Polymères. 
650 6 |a Matériaux intelligents. 
650 6 |a Matériaux nanocomposites. 
650 7 |a polymers.  |2 aat 
650 7 |a Nanocomposites (Materials)  |2 fast 
650 7 |a Polymers  |2 fast 
650 7 |a Smart materials  |2 fast 
655 7 |a Electronic books.  |2 local 
700 1 |a Ali, Nisar,  |e editor. 
700 1 |a Bilal, Muhammad  |c (Professor of bioengineering),  |e editor.  |1 https://id.oclc.org/worldcat/entity/E39PCjKGgF6PXpKW6TrFbX8BKb 
700 1 |a Khan, Adnan,  |e editor. 
700 1 |a Nguyen, Tuan Anh  |c (Chemist),  |e editor.  |1 https://id.oclc.org/worldcat/entity/E39PCjwQQYPhj4fccx6KChyHfm 
700 1 |a Gupta, Ram K.,  |e editor. 
710 2 |a ScienceDirect (Online service) 
776 0 8 |i Print version :  |z 9780323916110 
830 0 |a Micro & nano technologies. 
856 4 0 |u http://proxy.library.tamu.edu/login?url=https://www.sciencedirect.com/science/book/9780323916110  |z Connect to the full text of this electronic book  |t 0 
955 |a Elsevier ScienceDirect 2026-2027 
994 |a 92  |b TXA 
999 f f |i abe6654c-b6c5-4b72-950c-1fb6db37486b  |s 36506746-843e-4b97-a65d-274928339e70  |t 0 
952 f f |a Texas A&M University  |b College Station  |c Electronic Resources  |s www_evans  |d Available Online  |t 0  |e TA455.P58   |h Library of Congress classification 
998 f f |a TA455.P58   |t 0  |l Available Online